New Zealand : Selected Issues and Statistical Appendix.

This Selected Issues paper and Statistical Appendix describes New Zealand's evolving approach to inflation targeting. It describes the experience of New Zealand with inflation targeting, and discusses the motives behind the change in its approach toward a more flexible framework. The paper disc...

Повний опис

Бібліографічні деталі
Співавтор: International Monetary Fund
Формат: Журнал
Мова:English
Опубліковано: Washington, D.C. : International Monetary Fund, 1999.
Серія:IMF Staff Country Reports; Country Report ; No. 1999/119
Онлайн доступ:Full text available on IMF
LEADER 01568cas a2200241 a 4500
001 AALejournalIMF001028
008 230101c9999 xx r poo 0 0eng d
020 |c 5.00 USD 
020 |z 9781451830217 
022 |a 1934-7685 
040 |a BD-DhAAL  |c BD-DhAAL 
110 2 |a International Monetary Fund. 
245 1 0 |a New Zealand :   |b Selected Issues and Statistical Appendix. 
264 1 |a Washington, D.C. :  |b International Monetary Fund,  |c 1999. 
300 |a 1 online resource (54 pages) 
490 1 |a IMF Staff Country Reports 
500 |a <strong>Off-Campus Access:</strong> No User ID or Password Required 
500 |a <strong>On-Campus Access:</strong> No User ID or Password Required 
506 |a Electronic access restricted to authorized BRAC University faculty, staff and students 
520 3 |a This Selected Issues paper and Statistical Appendix describes New Zealand's evolving approach to inflation targeting. It describes the experience of New Zealand with inflation targeting, and discusses the motives behind the change in its approach toward a more flexible framework. The paper discusses the main features of New Zealand's exchange rate cycle during the 1990s. It also analyzes some of the potential causes of exchange rate variability, and describes the effects of variability on other macroeconomic variables. 
538 |a Mode of access: Internet 
830 0 |a IMF Staff Country Reports; Country Report ;  |v No. 1999/119 
856 4 0 |z Full text available on IMF  |u http://elibrary.imf.org/view/journals/002/1999/119/002.1999.issue-119-en.xml  |z IMF e-Library